Entry Nombre personal
001 - NÚMERO DE CONTROL
- campo de control: 65573
003 - IDENTIFICADOR DE NÚMERO DE CONTROL
- campo de control: OSt
005 - FECHA Y HORA DE LA ÚLTIMA TRANSACCIÓN
- campo de control: 20230222192322.0
008 - ELEMENTOS DE DATO DE LONGITUD-FIJA
- campo de control de longitud fija: 040826 n acnnnaaan n ann d
040 ## - FUENTE DE CATALOGACIÓN
- Centro catalogador/agencia de origen: OSt
- Centro/agencia transcriptor: OSt
100 00 - ENCABEZAMIENTO-NOMBRE DE PERSONA
- Nombre de persona: Isla, José Francisco de
400 00 - TRAZADO DE VÉASE--NOMBRE DE PERSONA
- Nombre de persona: Barbero de Corpa
400 00 - TRAZADO DE VÉASE--NOMBRE DE PERSONA
- Nombre de persona: Bonillo, Gaspar del
400 00 - TRAZADO DE VÉASE--NOMBRE DE PERSONA
- Nombre de persona: Isla, José F.
400 00 - TRAZADO DE VÉASE--NOMBRE DE PERSONA
- Nombre de persona: Isla
- Títulos y otros términos asociados al nombre: Padre
400 00 - TRAZADO DE VÉASE--NOMBRE DE PERSONA
- Nombre de persona: Isla y Rojo, José Francisco de
